|
|
|
|
| LEADER |
00000cam a2200000 a 4500 |
| 001 |
vtls001453509 |
| 003 |
SK-MaSNL |
| 005 |
20260302002317.0 |
| 008 |
240226s2002 xo ab gren 000 0 slo |
| 015 |
|
|
|a SNBA2003/09-02924
|
| 020 |
|
|
|a 8096886193
|q (brožované)
|
| 035 |
|
|
|a SNK000408816
|
| 035 |
|
|
|a urn:nbn:sk:snk-am3j110
|
| 035 |
|
|
|a DD139DF1-AF99-4C0F-8329-203003974842
|
| 035 |
|
|
|a urn:nbn:sk:snk-am00glp2
|
| 040 |
|
|
|a SNK
|b slo
|c SNK
|e AACR2
|
| 041 |
0 |
|
|a slo
|
| 043 |
|
|
|a a-is---
|
| 044 |
|
|
|a xo
|c SK
|
| 072 |
|
7 |
|a 913(5)
|x Geografia Ázie, reálie, cestovanie
|2 konspekt
|
| 072 |
|
7 |
|a 902
|x Archeológia
|2 konspekt
|
| 080 |
|
|
|a 908(569.4)
|2 1997
|
| 080 |
|
|
|a 908(394.5)
|2 1997
|
| 080 |
|
|
|a 904(569.4)
|2 1997
|
| 080 |
|
|
|a 27-9:904(569.4)
|2 1997
|
| 080 |
|
|
|a 27-9
|2 2011
|
| 080 |
|
|
|a 72:904
|2 2011
|
| 080 |
|
|
|a 902:904
|2 2011
|
| 080 |
|
|
|a (394.5)
|2 2001
|
| 080 |
|
|
|a (048.8)
|2 2011
|
| 080 |
|
|
|a (031)
|2 2011
|
| 080 |
|
|
|a (569.4)
|2 2011
|
| 080 |
|
|
|a 27-23
|2 2011
|
| 100 |
1 |
|
|a Majerník, Ján,
|d 1956-
|4 aut
|9 67642
|
| 245 |
1 |
0 |
|a Spoznávajme Svätú zem pohľadom archeológov a biblistov
|c Ján Majerník a Leopoldína Scheidová ; [ilustrácie: Norbert Scheida]
|
| 250 |
|
|
|a 1. vyd.
|
| 260 |
|
|
|a V Zákamennom
|b Rímskokatolícky farský úrad
|c 2002
|
| 300 |
|
|
|a 776 strán
|b ilustrácie, mapy
|c 24 cm
|
| 500 |
|
|
|a Na titulnej strane miesto vydania Bratislava
|
| 500 |
|
|
|a Obsahuje použité skratky ; vysvetľujúci slovník ; arabský slovník a hebrejský slovník
|
| 504 |
|
|
|a Bibliografia na strane 774-776
|
| 630 |
0 |
7 |
|a Biblia
|2 SNKPH
|9 17043
|
| 650 |
0 |
7 |
|a cirkevné dejiny
|2 SNKPH
|9 3909
|
| 650 |
0 |
7 |
|a architektonické pamiatky
|2 SNKPH
|9 28990
|
| 650 |
0 |
7 |
|a archeologické pamiatky
|2 SNKPH
|9 31774
|
| 650 |
0 |
7 |
|a židovské pamiatky
|2 SNKPH
|9 316094
|
| 651 |
|
7 |
|a Palestína
|2 SNKPHgeo
|9 68544
|
| 651 |
|
7 |
|a Izrael
|2 SNKPHgeo
|9 16888
|
| 655 |
|
7 |
|a prehľady
|2 SNKPH
|9 70194
|
| 655 |
|
7 |
|a encyklopédie
|2 SNKPH
|9 28776
|
| 700 |
1 |
|
|a Scheidová, Leopoldína,
|d 1932-
|4 aut
|9 210021
|
| 700 |
1 |
|
|a Scheida, Norbert,
|d 1927-2013
|4 ill
|9 210022
|
| 752 |
|
|
|a Slovensko
|d Zákamenné
|
| 919 |
|
|
|a 80-968861-9-3
|
| 958 |
|
|
|a TL
|
| 958 |
|
|
|a NB
|
| 958 |
|
|
|a NT
|
| 999 |
|
|
|c 987490
|d 989420
|
| 952 |
|
|
|t P60, <03>, [BOOK], {603}
|a SNK
|b SNK
|y PREZ
|7 0
|p 17A0384165
|o snkSC 111587
|i snkKSP 5969/2003
|0 0
|1 0
|4 0
|d 2003-05-16
|f 1
|l 0
|r 2025-10-01 00:00:00
|w 2026-02-24
|
| 952 |
|
|
|t P60, <04>, [BOOK], {604}
|a SNK
|b SNK
|y VYP
|7 0
|p 17A0384166
|o snkSC 111587 D1
|i snkKSP 5970/2003
|0 0
|1 0
|4 0
|d 2003-05-16
|l 0
|r 2005-01-02 00:00:00
|w 2026-02-24
|